MDQL
is popping MORE tags! Check the
thread
!
Quizzes
Events
Quiz Creation
Community
Videos
Private Events
Remove Ads
Sign In
Join for FREE
Feedback
Dark Mode
Quiz Categories
Sports
Geography
Music
Movies
Television
Just For Fun
Miscellaneous
History
Literature
Language
Science
Gaming
Entertainment
Religion
Holiday
For Kids
Quiz Lab
Recent
Popular Today
Quiz Kudos Today
Editor Picks
Curator Picks
Quizzes by...
Day
Popularity
Type
Ratings
Length
Year
Community
Subscriptions
Recent Discussions
Orange Saloon
Badges
Playlists
Quests
Create
Leaderboards
Showdown
Live 5
Trivia Bingo
Activity
Puzzle Library
Sporcle Events
Private Events
Virtual Trivia
Globe League
Become a Host
Pub Owners
SporcleCon
Opinionation
Our Games
Videos
Blog
Mobile Apps
Partnerships
Remove Ads and Go Orange
Feedback
Television
TV Characters
TV Show
Sitcom
Network
Friends
Reality Shows
Cast
South Park
Star Trek
The Simpsons
Doctor Who
Television
TV Characters
TV Show
Sitcom
Network
Friends
Reality Shows
Cast
South Park
Star Trek
The Simpsons
Doctor Who
Random Quiz
Search Sporcle
×
Quiz Lab
Quiz Lab
Television
Missing Word
Select answers by clicking on text or image buttons
Select answers by clicking on text or image buttons
Clickable
Best Score? Go Orange.
Speed TV: Give me an F! Stats
Can you click on the 'F' Word to complete these 2-Word TV Shows?
By
DIEGO1000
60s
18 Questions
1,501 Plays
1,501 Plays
1,501 Plays
Comments
Comments
Give Quiz Kudos
Give Quiz Kudos
-
- Ratings
hide this ad
Forced Order
Answers have to be entered in order
Answers have to be entered in order
Replay
Link that replays current quiz
Next Quiz
Link to next quiz in quiz playlist
You Got
0%
They Got
Avg Score
84%
Avg Friend Score
Upgrade to see
Score Distribution
Jump to the score distribution portion of the page
Score
0/18
Timer
01:00
0
Plays Today
% Correct
Falcon
94.6%
Factor
94.1%
Fences
93.5%
Family
93.3%
Fantasy
92.2%
Full
90.6%
Feud
90.3%
Fire
90.2%
Fraggle
89.6%
% Correct
Falls
88.8%
Five-O
88.3%
Faking
88.2%
Fever
86.3%
Flamingo
75.5%
Fairly
71.7%
Friends
68%
Farrah
62.4%
Father
62%
Quiz Playlist
Details
Report
Send in Message
Add To Playlist
Clickable:
Select answers by clicking on text or image buttons
Forced Order:
Answers have to be entered in order
Last Updated: Mar 20, 2021
Quiz Scoreboard
CHALLENGE
Sign Up to Join the Scoreboard
Show All
Scores
Hide
Comments
May contain spoilers
Recently Published
5x2 Blitz: Bands
by SL_Kpop136
Music
30s
Colored Red Africa Blitz
by spor1
Geography
30s
Find the 'City' Movie
by crazypaving
Movies
60s
More to Explore
Quiz From the Vault
Featured Blog Post
14 Easter Pick-up Lines to Find Eggs With
hide this ad
You Might Also Like...
Tags
Missing Word Quiz
Today's Top Quizzes in Television
Browse Television
hide this ad
Today's Top Quizzes in Missing Word
Browse Missing Word
Top Contributed Quizzes in Television
1
Survivor Journey Challenge
2
Brooklyn Nine Nine Logic Puzzle (How-To-Play)
3
Phoebe Buffay Quotes
4
Survivor Trivia
5
Total Drama Characters
6
Survivor Logic Puzzle: Heroes vs. Villains
7
One Tree Hill Logic Puzzle
8
Survivor Heroes vs. Villains Logic Puzzle
9
All US Survivor Seasons in Order
10
Adjectives in 00s TV Shows
Explore More
Trending Topics
Harry Potter
Crossword
Marvel
Disney
Anime
Kpop
NBA
NFL
WWE
Song
Puzzle
Country
Pokémon
Soccer
The Office
hide this ad
More By:
DIEGO1000
Quiz
Plays
Rating
Category
Featured
Created
Who Am I? Famous People
409,434
4.60
History
Oct 12, 2018
Match Game: Animated Movies
324,320
4.47
Movies
Mar 22, 2020
Who Am I? Famous People II
296,281
4.55
History
Oct 17, 2018
Who Am I? Famous People III
276,368
4.38
History
Oct 18, 2018
Who Am I? Famous People IV
247,824
4.50
History
Oct 18, 2018
Go to Creator's Profile
Score Distribution
Quiz Creator Spotlight
DIEGO1000
Follow
Send a Message
Quizzes Created
-
Created Quiz Play Count
-
More By This Creator
Popular Quizzes Today
1
Colored Red Africa Blitz
2
Find the 'City' Movie
3
5x2 Blitz: Bands
4
Find the US States - No Outlines Minefield
5
The Countries of the World
6
Find the US States
7
US States
8
Find the Countries of Europe - No Outlines Minefield
More Television Quizzes
How I Met Your Mother Pilot Characters
Quiz Lab
Trending Quizzes
Colored Red Europe Blitz I
Colored Red Europe Blitz II
Colored Red Africa Blitz II
Colored Red Europe Blitz III
Colored Red Africa Blitz III
Recently Updated
How Do You Spell That?
pecheneg
Godzilla Movies
pecheneg
Grab Bag: 4-10 Letters
pecheneg
2024 March Madness Bracket
pecheneg
Famous TV Couples
Peacemaker
Champions League XIs: Real Madrid
pecheneg
Largest US Cities 1790-2010
pecheneg
Rides in Walt Disney World
pecheneg
Most Oscar Losses (Acting)
pecheneg
Beyoncé Albums
pecheneg
Trending Topics
NBA
Anime
Kpop
Crossword
Marvel
Disney
Harry Potter
Song
The Office
Pokémon
WWE
Country
Soccer
NFL
Puzzle
Your Account Isn't Verified!
In order to create a playlist on Sporcle, you need to verify the email address you used during registration. Go to your
Sporcle Settings
to finish the process.
Report this User
Report this user for behavior that violates our
Community Guidelines
.
Details:
Send Report
Go to the Sporcle.com Mobile Site →
Comments